|
|
|
|
| LEADER |
00000nam a2200000 i 4500 |
| 001 |
ELB76749 |
| 003 |
FINmELB |
| 005 |
20200229102438.0 |
| 006 |
m o u |
| 007 |
cr cn||||||||| |
| 008 |
200229s2011 ag o 000 0 spa d |
| 020 |
|
|
|z 9789871543786
|
| 035 |
|
|
|a (OCoLC) 1010579363
|
| 040 |
|
|
|a FINmELB
|b spa
|e rda
|c FINmELB
|
| 050 |
|
4 |
|a JA71
|b C823 2011
|
| 080 |
|
|
|a 32
|
| 082 |
0 |
4 |
|a 320
|2 22
|
| 100 |
1 |
|
|a Corrarello, Ana María.
|
| 245 |
1 |
0 |
|a Adecuación de la matriz latinoamericana en el discurso de Fidel Castro durante el período 1959-1986 /
|c Ana María Corrarello.
|
| 264 |
|
1 |
|a Buenos Aires, Argentina :
|b Consejo Latinoamericano de Ciencias Sociales - CLACSO,
|c 2011.
|
| 300 |
|
|
|a 1 recurso en línea (23 páginas)
|
| 336 |
|
|
|a texto
|b txt
|2 rdacontent/spa
|
| 337 |
|
|
|a computadora
|b c
|2 rdamedia/spa
|
| 338 |
|
|
|a recurso en línea
|b cr
|2 rdacarrier/spa
|
| 490 |
0 |
|
|a Red CLACSO de Posgrados
|
| 588 |
|
|
|a Descripción basada en metadatos suministrados por el editor y otras fuentes.
|
| 590 |
|
|
|a Recurso electrónico. Santa Fe, Arg.: elibro, 2020. Disponible vía World Wide Web. El acceso puede estar limitado para las bibliotecas afiliadas a elibro.
|
| 650 |
|
4 |
|a Ciencias política
|z Cuba.
|
| 650 |
|
0 |
|a Political science
|z Cuba.
|
| 655 |
|
4 |
|a Libros electrónicos.
|
| 797 |
2 |
|
|a elibro, Corp.
|
| 856 |
4 |
0 |
|u https://elibro.uam.elogim.com/ereader/bidiuam/76749
|z Texto completo
|
| 950 |
|
|
|a eLibro Ciencias Sociales
|
| 950 |
|
|
|a eLibro Cátedra
|
| 950 |
|
|
|a eLibro Cátedra España
|